ბათუმის შოთა რუსთაველის სახელმწიფო უნივერსიტეტის ბიბლიოთეკა

სათაურის მრავალსახეობა ამერიკულ პრესაში / (ბიბ.ჩანაწერი № 53974)

000 -ლიდერი
ფიქსირებული სიგრძის საკონტროლო ველი 01248nam a2200277Ia 4500
001 - საკონტროლო ნომერი
საკონტროლო ველი 21025
003 - საკონტროლო ნომრის იდენტიფიკატორი
საკონტროლო ველი GE_BSU
005 - ბოლო ოპერაციის თარიღი და დრო
საკონტროლო ველი 20210708173821.0
008 - ფიქსირებული სიგრძის მონაცემთა ელემენტები - ზოგადი ინფორმაცია
ფიქსირებული სიგრძის საკონტროლო ველი 181216s1999||||ge |||||||||||||| ||geo||
020 ## - წიგნის საერთაშორისო სტანდარტული ნომერი
International Standard Book Number ISBN : 99928-77-35-9
040 ## - კატალოგიზაციის წყარო
Transcribing agency GE_BSU
041 ## - ენის კოდი
Language code of text/sound track or separate title geo
080 ## - უნივერსალური ათობითი კლასიფიკაციის ინდექსი
Universal Decimal Classification number 070.41 ნ-15
100 ## - მთავარი ჩანაწერი - პიროვნების სახელი
Personal name ნადარეიშვილი, მაია
9 (RLIN) 12218
245 ## - ცნობა სათაურის შესახებ
Title სათაურის მრავალსახეობა ამერიკულ პრესაში /
Statement of responsibility, etc მაია ნადარეიშვილი ; რედ. ნოდარ ტაბიძე.
264 ## - წარმოების, გამოცემის, დისტრიბუციის და სხვა ცნობები
გამოცემის, წარმოების, დისტრიბუციის... ადგილი თბილისი :
გამოცემის, წარმოების, დისტრიბუციის... სახელწოდება უნვერსიტეტის გამ-ბა,
გამოცემის, წარმოების, დისტრიბუციის... თარიღი 1999.
300 ## - ფიზიკური აღწერა
Extent 119 გვ. ;
Dimensions 20 სმ.
504 ## - BIBLIOGRAPHY, ETC. NOTE
Bibliography, etc ბიბლიოგრაფია გვ. : 115-117
653 ## - INDEX TERM--UNCONTROLLED
Uncontrolled term ჟურნალისტიკა
653 ## - INDEX TERM--UNCONTROLLED
Uncontrolled term ჟურნალისტიკა აშშ-ში
653 ## - INDEX TERM--UNCONTROLLED
Uncontrolled term სათაური გაზეთში
653 ## - INDEX TERM--UNCONTROLLED
Uncontrolled term სათაურის მრავალსახეობა ამერიკულ პრესაში
700 ## - ADDED ENTRY--PERSONAL NAME
Personal name ტაბიძე, ნოდარ
Relator term რედაქტორი
9 (RLIN) 297
942 ## - ADDED ENTRY ELEMENTS (KOHA)
Koha item type წიგნი
Source of classification or shelving scheme
ეგზემპლარები
ჩამოწერის სტატუსი დაკარგული ეგზემპლარის სტატუსი კლასიფიკაციის წყარო ან თაროზე გაწყობის სქემა დაზიანების სტატუსი არ გაიცემა მუდმივი მდებარეობა (დაცვის ადგილი) ამჟამინდელი ადგილსამყოფელი თაროზე განთავსების ადგილი შეძენის თარიღი ღირებულება, შესყიდვის ნორმალური ფასი სრული შენახვის შიფრი შტრიხკოდი ბოლო ოპერაციის თარიღი ეგზემპლარის მიმდევრობითი ნომერი (კეტერი?) ფასის ძალაში შესვლის თარიღი ეგზემპლარის სახეობა საჯარო შენიშვნა
          ბათუმის შოთა რუსთაველის სახელმწიფო უნივერსიტეტის მთავარი ბიბლიოთეკა ბათუმის შოთა რუსთაველის სახელმწიფო უნივერსიტეტის მთავარი ბიბლიოთეკა წიგნსაცავი 2018-12-17 5.00 070.41 ნ-15 54681 2018-12-17 54681 2018-12-17 წიგნი 5.00 ლ.